[Event "Castelldefels-C"]
[Site "Castelldefels"]
[Date "2001.??.??"]
[Round "9"]
[White "Pareja Rendon, Angel"]
[Black "Velez Mendez, Rufo"]
[Result "0-1"]
[WhiteElo "1700"]
[BlackElo "1855"]
[PlyCount "80"]
[EventDate "2001.05.??"]
[EventType "tourn"]
[EventRounds "9"]
[EventCountry "ESP"]
[SourceTitle "EXT 2002"]
[Source "ChessBase"]
[SourceDate "2001.11.25"]
[SourceVersion "1"]
[SourceVersionDate "2001.11.25"]
[SourceQuality "1"]

1. e4 d6 2. d4 Nf6 3. Nd2 g6 4. Ngf3 Bg7 5. Be2 0-0 6. 0-0 b6 7. c3 Bb7 8. Qc2 Nbd7 9. Re1 e5 10. d5 c6 11. c4 Rc8 12. Qd1 Nc5 13. Bf1 Bh6 14. b4 Na6 15. a3 cxd5 16. exd5 Qd7 17. Bd3 Nc7 18. b5 Nh5 19. Nb3 Nf4 20. Bxf4 Bxf4 21. Nc1 f5 22. Bc2 e4 23. Nd4 Be5 24. Ncb3 Ne8 25. Qe2 Qg7 26. Ne6 Qh6 27. h3 Rf7 28. Rab1 Ng7 29. Nxg7 Rxg7 30. Red1 Rgc7 31. Nd2 Bxd5 32. Bb3 Be6 33. a4 Rc5 34. Rbc1 Kg7 35. Nb1 d5 36. Na3 d4 37. a5 d3 38. Qa2 f4 39. Rd2 f3 40. gxf3 Qf4 0-1

[Event "Castelldefels-C"]
[Site "Castelldefels"]
[Date "2001.??.??"]
[Round "7"]
[White "Velez Mendez, Rufo"]
[Black "Chao Ruiz, Carlos Enrique"]
[Result "1-0"]
[WhiteElo "1855"]
[BlackElo "1760"]
[PlyCount "49"]
[EventDate "2001.05.??"]
[EventType "tourn"]
[EventRounds "9"]
[EventCountry "ESP"]
[SourceTitle "EXT 2002"]
[Source "ChessBase"]
[SourceDate "2001.11.25"]
[SourceVersion "1"]
[SourceVersionDate "2001.11.25"]
[SourceQuality "1"]

1. d4 d5 2. c4 e6 3. Nc3 Nf6 4. Nf3 Be7 5. cxd5 exd5 6. Qb3 c5 7. dxc5 Nc6 8. e3 Bxc5 9. Be2 0-0 10. 0-0 Bd7 11. Nxd5 Na5 12. Nxf6+ Qxf6 13. Qc2 Rac8 14. Qd2 Nc4 15. Bxc4 Rfd8 16. Qe2 Bc6 17. e4 Re8 18. Bg5 Qg6 19. Bd3 Bxe4 20. Rae1 f5 21. Bc4+ Kf8 22. Be3 Bxf3 23. Qxf3 Bxe3 24. Qd5 Bb6 25. Qg8# 1-0

[Event "Gent Gran-ch"]
[Site "Gent Gran"]
[Date "1996.??.??"]
[Round "1"]
[White "Nunez Portabales, Maximino"]
[Black "Velez Mendez, Rufo"]
[Result "1-0"]
[WhiteElo "2055"]
[BlackElo "1870"]
[PlyCount "79"]
[EventDate "1996.??.??"]
[EventType "swiss"]
[EventRounds "9"]
[EventCountry "ESP"]
[SourceTitle "EXT 2003"]
[Source "ChessBase"]
[SourceDate "2002.11.25"]
[SourceVersion "1"]
[SourceVersionDate "2002.11.25"]
[SourceQuality "1"]

1. d4 Nf6 2. Nf3 g6 3. c4 Bg7 4. Nc3 0-0 5. e4 c5 6. d5 d6 7. h3 e6 8. Bg5 Qa5 9. Qd2 exd5 10. cxd5 Re8 11. Bd3 c4 12. Bc2 b5 13. 0-0 b4 14. Ne2 Nxe4 15. Bxe4 Rxe4 16. a3 c3 17. Qd3 Re8 18. axb4 Qxb4 19. bxc3 Qc5 20. Be3 Qc7 21. Bd4 Qe7 22. Ng3 Be5 23. Rfe1 f6 24. c4 Na6 25. Qc3 Nc5 26. Bxe5 fxe5 27. Ne4 Nxe4 28. Rxe4 Bf5 29. Re3 Qc7 30. Ra6 Bd7 31. Re4 Rec8 32. Rh4 Qb7 33. Rxd6 Qb1+ 34. Kh2 Qf5 35. g4 Qf4+ 36. Kg2 e4 37. Rxd7 Qxf3+ 38. Qxf3 exf3+ 39. Kxf3 Rxc4 40. Rhxh7 1-0

[Event "Gent Gran-ch"]
[Site "Gent Gran"]
[Date "1996.??.??"]
[Round "8"]
[White "Velez Mendez, Rufo"]
[Black "Pina Rabadan, Andreu"]
[Result "0-1"]
[WhiteElo "1870"]
[BlackElo "1930"]
[PlyCount "34"]
[EventDate "1996.??.??"]
[EventType "swiss"]
[EventRounds "9"]
[EventCountry "ESP"]
[SourceTitle "EXT 2003"]
[Source "ChessBase"]
[SourceDate "2002.11.25"]
[SourceVersion "1"]
[SourceVersionDate "2002.11.25"]
[SourceQuality "1"]

1. d4 Nf6 2. Nf3 g6 3. Bg5 Bg7 4. Nbd2 d5 5. e3 c6 6. Bd3 b6 7. Qe2 0-0 8. Ne5 Qc7 9. f4 Ne4 10. Nxe4 dxe4 11. Bc4 b5 12. Bb3 a5 13. c3 a4 14. Bc2 f6 15. Nxg6 hxg6 16. Bxe4 fxg5 17. Bxg6 g4 0-1

[Event "Foment Martinenc op"]
[Site "Barcelona"]
[Date "1992.??.??"]
[Round "?"]
[White "Velez Mendez, Rufo"]
[Black "Gomez Jurado, Luis Alberto"]
[Result "0-1"]
[WhiteElo "2035"]
[BlackElo "2215"]
[PlyCount "42"]
[EventDate "1992.??.??"]
[EventType "swiss"]
[EventRounds "9"]
[EventCountry "ESP"]
[SourceTitle "EXT 2003"]
[Source "ChessBase"]
[SourceDate "2002.11.25"]
[SourceVersion "1"]
[SourceVersionDate "2002.11.25"]
[SourceQuality "1"]

1. d4 Nf6 2. e3 g6 3. Bd3 Bg7 4. b3 0-0 5. Bb2 d6 6. Nf3 Nc6 7. Nbd2 e5 8. dxe5 Ng4 9. 0-0 Ncxe5 10. Rb1 Qe7 11. Qe2 f5 12. h3 Nf6 13. c4 c5 14. Bc2 b6 15. Rfd1 Bb7 16. Nh2 Nh5 17. e4 Nf4 18. Qe3 Qg5 19. g3 Nxh3+ 20. Kg2 f4 21. Ndf3 fxe3 0-1